000
00253nam a2200097Ia 4500
008
220204s9999 xx 000 0 und d
082
_a
82-3
_b
IDR
100
_a
Idries Shah
245
0
_a
Exploits of the incomparable mulla Nasrudin Idries Shah
942
_c
BK
999
_c
34933
_d
34933